| 000 | 006300000a22001930004500 | ||
|---|---|---|---|
| 090 |
_aAR _b02516 |
||
| 245 | 1 | 0 | _aNotes on pocket gophers from Jalisco, Mexico, with descriptions of two new subspecies |
| 650 | 1 | 4 |
_aSistemática animal _992968 |
| 650 | 1 | 4 |
_aDistribución geográfica _992997 |
| 650 | 1 | 4 |
_aEcología de poblaciones _93557 |
| 651 | 4 |
_dJalisco _pMéxico _992749 |
|
| 653 | _gPappogeomys | ||
| 653 |
_gOrthogeomys _eOrthogeomys grandis |
||
| 041 | 0 | _aInglés | |
| 700 | 1 |
_aJones, J. Knox _99498 |
|
| 100 | 1 |
_aGenoways, Hugh H. _993478 |
|
| 942 | _cARTICULO | ||
| 773 | 1 |
_tJournal of Mammalogy _3106 _h4 _q748-755 _d1969 _g50 |
|
| 999 |
_c11581 _d11581 |
||